000 003540000a22001450004500
003 MACL
005 20151227131828.0
008 151227b xxu||||| |||| 00| 0 eng d
040 _aMACL
_cMACL
041 _aEnglish
082 _a025.4
245 _aScheme of Classification of Book in History
650 _aLibrary Science
_957
942 _cBK
_k025.4
_2ddc
999 _c38918
_d38918